Informačné nástroje riadenia

Práca manažérov je náročná a vyžaduje veľký potenciál od jej realizátorov. Existujú však možnosti, ktoré je potrebné účelne využiť pre zmiernenie vysokých nárokov na schopnosti riadiacich pracovníkov. Patrí k nim aj účtovný systém ako dôležitá súčasť informačného systému podniku.

Na minha lista:
Detalhes bibliográficos
Autor principal: Poniščiaková, Oľga
Outros Autores: Martončíková, Petra
Formato: Capítulo de Livro
Idioma:eslovaco
Assuntos:
Tags: Adicionar Tag
Sem tags, seja o primeiro a adicionar uma tag!

MARC

LEADER 00000naa$a2200000$$$4500
001 0093618
005 20231120111635.8
041 0 |a slo 
044 |a SK 
245 1 0 |a Informačné nástroje riadenia  |c Oľga Poniščiaková, Petra Martončíková 
520 |a Práca manažérov je náročná a vyžaduje veľký potenciál od jej realizátorov. Existujú však možnosti, ktoré je potrebné účelne využiť pre zmiernenie vysokých nárokov na schopnosti riadiacich pracovníkov. Patrí k nim aj účtovný systém ako dôležitá súčasť informačného systému podniku. 
610 2 0 |a podnik 
610 2 0 |a riadenie podnikové 
610 2 0 |a nástroje riadenia 
610 2 0 |a systémy informačné podnikové 
610 2 0 |a systémy účtovné 
610 2 0 |a účtovníctvo finančné 
610 2 0 |a účtovníctvo manažérske 
610 2 0 |a manažéri 
610 2 0 |a informácie 
100 1 |a Poniščiaková, Oľga 
700 1 |a Martončíková, Petra